[Event "Targu Mures op"]
[Site "Targu Mures"]
[Date "2019.10.17"]
[Round "1"]
[White "Banzea, Alexandru Bogdan"]
[Black "Neacsu, Cristina"]
[Result "1-0"]
[WhiteElo "2389"]
[BlackElo "1100"]
[PlyCount "35"]
[EventDate "2019.10.17"]
[EventType "swiss"]
[EventRounds "7"]
[EventCountry "ROU"]
[SourceTitle "CBM 192 Extra"]
[Source "Chessbase"]
[SourceDate "2019.11.06"]
[SourceVersion "1"]
[SourceVersionDate "2019.11.06"]
[SourceQuality "1"]

1. e4 e5 2. Nf3 Nc6 3. Bb5 d6 4. d4 Bd7 5. Nc3 Nf6 6. 0-0 h6 7. Re1 Be7 8. Bxc6 Bxc6 9. dxe5 dxe5 10. Qxd8+ Rxd8 11. Nxe5 Bxe4 12. Nxe4 Nxe4 13. Be3 Rd5 14. Nd3 f5 15. f3 Nd6 16. Nf4 Rb5 17. a4 Rxb2 18. Ng6 1-0